Concentric countries around Spain - Statistics

General Stats
  • This quiz has been taken 455 times
  • The average score is 11 of 11
Answers on the Map
Answers color-coded by a green-red scale on the quiz's map according to % correct below.
 
Answer Stats
País % Correct
1 Andorra | France | Morocco | Portugal
100%
3 Argentina | Austria | Bolivia | Czechia | Vatican City | Colombia | Denmark | Slovenia | Guyana | Libya | Liechtenstein | Mali | Niger | Netherlands |Paraguay | Peru | Poland | San Marino | Senegal | Tunisia | Uruguay | Venezuela
99%
2 Germany | Algeria | Belgium | Brazil | Italy | Luxembourg | Mauritania | Monaco | Switzerland | Suriname
99%
6 Afghanistan | Armenia | Bulgaria | Bhutan | South Korea | Gabon | Equatorial Guinea | India | Iran | Jordan | Kenia | Kyrgyzstan | Kosovo | Laos | Lebanon | North Macedonia | Montenegro | Myanmar | Nepal | Nicaragua | Pakistan | República of the Congo | Democratic Republic of the Congo | Siria | Somalia | Sweden | Tajikistan | Turkey | Uganda | Uzbekistan | Vietnam | Djibouti
98%
5 Azerbaijan | Bosnia and Herzegovina | Cameroon | China | North Korea | Costa Rica | Eritrea | Estonia | Ethiopia | Finland | Georgia | Ghana | Israel | Kazakhstan | Liberia | Latvia | Moldova | Mongolia | Norway | Central African Republic | Romania | Sierra Leone | Serbia | Togo
98%
4 Benin | Belarus | Burkina Faso | Chad | Chile | Ivory Coast | Croatia | Ecuador | Egypt | Slovakia | Gambia | Guinea | Guinea-Bissau | Hungary | Lithuania | Nigeria | Panama | Russia | Sudan | Ukraine
98%
7 Albania | Saudi Arabia | Angola | Bangladesh | Burundi | Cambodia | Greece | Honduras | Iraq | Rwanda | Thailand | Tanzania | Turkmenistan | Zambia
96%
8 Botswana | Qatar | United Arab Emirates | El Salvador | Guatemala | Malaysia | Malawi | Mozambique | Namibia | Oman | Yemen | Zambia | Zimbabwe
96%
9 Belice | Brunéi | Esuatini | Indonesia | Mexico | South Africa
94%
10 United States | Lesotho | Papua New Guinea | East Timor
94%
11 Canada
93%
No matching quizzes found
Score Distribution
Percent of People with Each Score
Percentile by Number Answered
Your Score History
You have not taken this quiz